[Event "Ter Apel"]
[Site "Ter Apel"]
[Date "1994.??.??"]
[Round "5"]
[White "Andersson, Ulf"]
[Black "Dautov, Rustem"]
[Result "1/2-1/2"]
[WhiteElo "2620"]
[BlackElo "2625"]
[Annotator "Dautov,R"]
[PlyCount "63"]
[EventDate "1994.03.??"]
[EventType "tourn"]
[EventRounds "5"]
[EventCountry "NED"]
[EventCategory "15"]
[SourceTitle "CBM 040"]
[Source "ChessBase"]
[SourceDate "1994.06.01"]
[SourceVersion "1"]
[SourceVersionDate "1994.06.01"]
[SourceQuality "1"]

1. c4 e5 2. Nc3 Nc6 3. g3 g6 4. Bg2 Bg7 5. d3 d6 6. Rb1 a5 7. Nf3 Nf6 8. O-O
O-O 9. a3 Nd4 10. Be3 $5 $146 (10. b4 axb4 11. axb4 c6 12. b5 Bg4 $10) (10. Bg5
h6 11. Bxf6 Bxf6 $10) (10. Nd2 c6) 10... Ng4 $6 (10... Nxf3+ {>=} 11. Bxf3 c6
12. b4 axb4 13. axb4 Bg4 14. Bg2 Qd7 $10) 11. Bd2 f5 12. b4 axb4 13. axb4 c6 (
13... Nxf3+ 14. Bxf3 c6 (14... Nf6 15. b5 $14) 15. b5 Bd7 16. bxc6 bxc6 17. Rb7
$14) 14. b5 Bd7 15. Nxd4 $1 exd4 16. Na4 Be8 (16... Rb8 17. bxc6 bxc6 18. Rxb8
Qxb8 19. c5 d5 20. Nb6 $14) 17. bxc6 bxc6 18. c5 $1 d5 19. Nb6 $14 Ra2 20. Bf4
Bf7 $6 (20... Ne5 $1 21. Ra1 Rxa1 22. Qxa1 g5 23. Bxe5 Bxe5 {>=}) 21. Ra1 Rxa1
22. Qxa1 Re8 23. Qa4 Re6 24. Ra1 $16 {|^<<,><c6} Be8 (24... h6 $5 25. Bd6 Be8 (
25... Qe8 $2 26. Qd1 $18 {/\Ra8}) 26. Qc2 Kh7 (26... Rxd6 27. Ra8 Qxa8 28. Nxa8
$16) 27. Ra7 Qf6 {/\f4} 28. Bxd5 $1 cxd5 29. Nxd5 Qd8 30. Nc7 $16) 25. Qb3 $2 (
25. Qa8 Qxa8 26. Rxa8 Nf6 $14 (26... Rxe2 $2 27. Bxd5+ $3 cxd5 28. c6 $18)) (
25. Qc2 $1 Qe7 26. Nxd5 $1 cxd5 27. Bxd5 Bc6 (27... Nf6 28. Bd6 Qd7 29. Bxe6+
Qxe6 30. Ra8 Kf7 31. c6 $1 Qxd6 32. c7 Bd7 33. Rd8 $18) 28. Bxc6 $1 Rxc6 29.
Qb3+ Qf7 (29... Qe6 30. Ra8+ Kf7 31. Qb7+ Kf6 32. Ra7 $18) 30. Ra8+ Bf8 31. Qb8
$16 {/\Bd6}) 25... Rxe2 26. Bf3 (26. Nxd5 $6 cxd5 27. Qxd5+ Qxd5 28. Bxd5+ Bf7
29. Ra8+ Bf8 30. Bxf7+ Kxf7 31. c6 Re8 $17) 26... Rxf2 27. Bxg4 Rxf4 28. gxf4 (
28. Bd1 Qe7 $1 29. gxf4 Qe3+ 30. Kf1 Qxf4+ 31. Kg2 Qd2+ $10) 28... fxg4 29. Qd1
Bf8 $6 (29... Qe7 $1 30. Qxg4 h5 $1 31. Qg3 Qxc5 32. Ra8 Qxb6 33. Rxe8+ Kf7 $10
) 30. Qe2 (30. Qxg4 Qe7 $1 $10 (30... Bxc5 $2 31. Ra7 $3 Bxb6 (31... Qf6 32.
Qc8 $16) 32. Qe6+ Kf8 33. Rxh7 Bc7 34. Rh8+ $18)) (30. Ra7 Qh4 $1 31. Qe2 g3
32. Qe6+ Kh8 33. Qe5+ Kg8 $10) 30... Qe7 31. Qxe7 Bxe7 32. Ra5 (32. Ra5 Kf7 33.
Nc8 Bf8 34. Kf2 Ke6 35. Kg3 h5 36. Nb6 $10) 1/2-1/2

[Event "ITA-chT32nd sf-B"]
[Site "Castel Lagopesole"]
[Date "2000.05.13"]
[Round "1.2"]
[White "Delchev, Aleksander"]
[Black "Efimov, Igor"]
[Result "1-0"]
[WhiteElo "2560"]
[BlackElo "2540"]
[Annotator "Delchev/Kostakiev"]
[PlyCount "77"]
[EventDate "2000.05.13"]
[EventType "team"]
[EventRounds "2"]
[EventCountry "ITA"]
[SourceTitle "EXT 2002"]
[Source "ChessBase"]
[SourceDate "2001.11.25"]
[SourceVersion "1"]
[SourceVersionDate "2001.11.25"]
[SourceQuality "1"]
[WhiteTeam "Reggio Emilia"]
[BlackTeam "Montecatini Surya"]
[WhiteTeamCountry "ITA"]
[BlackTeamCountry "ITA"]

1. c4 e5 2. g3 d6 3. Bg2 g6 4. Nc3 Bg7 5. d3 Ne7 6. e4 {[/\ XBg7. It means:
the idea is Bg7 to be restricted out of the battle as much as possible . The
inconviniences of 6.e4 is 1) the creation of the week point d4; 2) Bg2 also
fall into auto-isolation. Hystoricaly - 6.e5 was applied Ist by Nielsen in
1957. Seemingly Botvinik liked it and used it succesfuly many times in the
middle of 60-ies. As a matter of fact the same idea Botwinik carried out with
reversed colors in the match against Smyslov 1954, declaring in his
annotations that may be it is refutation of the Closed Sicilian. Namely:1.e4
c5 2.Nc3 Nc6 3.g3 g6 4.Bg2 Bg7 5.d3 d6 6.Nge2 e5 7.Nd5 Nge7 8.c3 Nxd5 9.exd5
Ne7 10.0-0 0-0 11.f4 Bd7 12.h3 Qc7 13.Be3 Rae8 14.Qd2 Nf5 15.Bf2 h5 0-1
Smyslov,V - Botvinnik,M [B25]Wch20 Moscow (15), 1954, (36). (D.Kostakiev)]} O-O
(6... Nbc6 7. Nge2 (7. f4 Be6 8. Nf3 exf4 9. Bxf4 Ne5 10. O-O O-O 11. Qd2 N7c6
{1-0 Smyslov,V-Tseitlin,M/Leningrad 1971/URS-ch (67)}) 7... Be6 8. Nd5 O-O 9.
Be3 Qd7 10. Qd2 {1-0 Botvinnik,M-Kort,J/Noordwijk 1965/MCD (49)}) (6... Be6 7.
Nge2 c6 8. O-O O-O {1-0 Spiridonov,N-Leriche,E/Pau 1988/EXT 97 (30)}) (6... f5
7. Nge2 O-O 8. O-O Nd7 {1/2-1/2 Spiridonov,N-Azmaiparashvili,Z/Erevan 1989/CBM
14 (57)}) 7. Nge2 Nbc6 (7... Bg4 8. Be3 Nbc6 9. O-O {0-1 Nielsen,A-Nilsson,Z/
Viborg 1957/EXT 98 (42)}) 8. O-O Bd7 (8... Be6 9. Nd5 Qd7 10. Be3 f5 (10... Nd4
11. Nxd4 exd4 12. Bh6 c5 {1/2-1/2 Botvinnik,M-Geller,E/URS 1966/MCD (59)}) 11.
Qd2 $14 {'1-0 Hort,V-Mohr,S/BL8889 1989/GER-chT (46)'}) (8... f5 9. Nd5 Kh8 {
0-1 Botvinnik,M-Petrosian,T/URS 1966/MCD (34)}) 9. Nd5 (9. Be3 Nd4 10. f4 f5 {
0-1 Nikolin,Z-Pihajlic,A/Jajce 1984/MCD (39)}) 9... Nxd5 (9... Rb8 10. Bg5 f6
11. Be3 {1/2-1/2 Botvinnik,M-Spassky,B/Leiden 1970/MCL (29)}) 10. cxd5 Nd4 (
10... Ne7 $143) 11. Nxd4 exd4 12. Bf4 $1 {><d6,<<} Qe7 $146 (12... g5 $6 13.
Bd2 f5 14. Qb3 f4 $13 {;14f4!+/=}) (12... a5 {[/\Ra6,c5]} 13. Qd2 Ra6 14. Rac1
c5 15. dxc6 $14 {1/2-1/2 Breier,A-Spielmann,A/Germany 1997/EXT 99 (54)}) (12...
f5 $5 13. Qb3 {1-0 Lumley,W-Vinke,G/MN/10 - 1996 (24)} a5 $5) (12... Be5 $5 {
D.Kostakiev}) 13. Qb3 $1 $14 Rfb8 {/\c5<=>} 14. Qa3 $1 a5 $5 {ףa3} (14... Bf8
15. e5 g5 (15... dxe5 $6 16. Qxe7 Bxe7 17. Bxe5 Bd6 18. Bxd4) 16. exd6 Qf6 17.
dxc7 Re8 18. Bxg5 Qxg5 19. Qb3 $14) 15. Rac1 Qd8 16. Rc2 {/\Rfc1><c7} Bf8 17.
b3 $5 {/\Qc1,Qd2,Rfc1} (17. Rfc1 g5 18. Bd2 c5 $132) 17... Bb5 (17... g5 18.
Bd2 c5 19. dxc6 bxc6 20. Qc1 Be7 21. f4 $16 {->}) 18. Rd1 c5 19. dxc6 bxc6 20.
Qc1 $1 {/\a4} a4 $8 21. e5 $1 $36 axb3 22. axb3 d5 (22... dxe5 $142 23. Bxe5
Rc8 24. Qf4 (24. Bxc6 $4 Rxc6 25. Rxc6 Qd5) (24. Bh3 $5 f5 25. Bg2 {עg8})
24... Bg7 25. Rdc1 Bxe5 26. Qxe5 Bxd3 27. Rd2 Ra5 28. Qf4 $14) 23. e6 Rb6 $2 (
23... fxe6 24. Bxb8 Qxb8 25. Bh3 $16) (23... Bd6 $142 24. exf7+ Kxf7 25. Rxc6
$1 Bxc6 26. Qxc6 Bxf4 27. Qxd5+ Qxd5 28. Bxd5+ Kf6 29. Bxa8 Rxa8 30. gxf4 Rc8
$14) (23... Rb7 24. Rxc6 $16) 24. exf7+ Kxf7 25. Be5 $18 Rba6 (25... Bg7 26.
Qf4+ Kg8 27. Bc7) 26. Bxd4 Qd7 (26... Kg8 27. Bh3 $16) 27. Qg5 Qf5 $6 (27...
Kg8 $142 $1 28. Qf6 $140 (28. Rdc1 Qe6 29. Qe3 Qxe3 30. fxe3 Ra2 31. Rxc6 Bxc6
32. Rxc6 R2a5 33. Bc3 Bh6 34. Bxa5 Bxe3+ 35. Kf1 Rxa5 36. Rc8+ $16 {^-}) 28...
Bg7 $1 29. Qxg7+ Qxg7 30. Bxg7 Kxg7 31. d4 $14) (27... Bg7 28. Bxg7 Kxg7 29.
Re2 Re8 30. Bh3 Qf7 31. Rxe8 Qxe8 32. Qc1 Qe5 33. d4 {(D.Kostakiev)}) 28. Qh4
$1 g5 (28... h5 $142 29. Bh3 Qf3 30. Re1 $14) 29. Qh5+ Qg6 {[#]} 30. Bxd5+ $1
$18 cxd5 31. Qf3+ Ke8 (31... Kg8 32. Qxd5+ Qf7 33. Qxb5) 32. Re1+ Be7 33. Rce2
R8a7 34. Bc5 Kd8 35. Bxe7+ Kc8 36. Qf8+ Qe8 37. Qxe8+ Bxe8 38. Bc5 Bh5 39. Re8+
1-0

[Event "Grand Slam Final 6th"]
[Site "Bilbao"]
[Date "2013.10.10"]
[Round "4"]
[White "Vachier Lagrave, Maxime"]
[Black "Aronian, Levon"]
[Result "0-1"]
[WhiteElo "2742"]
[BlackElo "2795"]
[Annotator "Friedel,J"]
[PlyCount "112"]
[EventDate "2013.10.07"]
[EventType "tourn"]
[EventRounds "6"]
[EventCountry "ESP"]
[EventCategory "21"]
[SourceTitle "CBM 157"]
[Source "ChessBase"]
[SourceDate "2013.11.12"]
[SourceVersion "1"]
[SourceVersionDate "2013.11.12"]
[SourceQuality "1"]

1. c4 Nf6 2. Nc3 e5 3. Nf3 Nc6 4. g3 g6 5. Bg2 Bg7 6. O-O O-O 7. d3 h6 8. b4 d6
9. Rb1 a6 10. a4 Ne7 {This move has only been played a few times, but it looks
pretty standard.} (10... Be6 11. b5 axb5 12. axb5 Ne7 {is a standard English
position that has been played hundreds of times.}) 11. Ba3 {Vachier decides to
take the game to new territory.} (11. b5 axb5 12. axb5 {would lead to normal
play.}) 11... c6 12. c5 $5 {Vachier aims to break apart Black's center.} Re8
13. e4 {This move is always double-edged. If White is able to play d4 then
he'll enjoy a nice space advantage in the center. If not, however, then the
bishop on g2 will become an awful piece.} Bg4 {Aronian is fully aware of this,
so he tries to prevent the move temporarily.} 14. Qb3 Nd7 {I really like
Aronian's regrouping of his pieces.} 15. Nd2 (15. cxd6 Nc8 16. b5 axb5 17. axb5
Be6 18. Qb2 c5 {and I prefer Black, since d4 is impossible now and the d6-pawn
will be collected next move.}) 15... Nc8 16. Qc2 Bf8 17. cxd6 {This move helps
Black find squares for his pieces.} (17. Nd1 $5 {was an interesting try,
defending c5 and rerouting the knight to e3.}) 17... Nxd6 18. Nb3 b5 $1 {
Aronian shows good understanding of the position. The weakness on c6 is not
relevant, and now the bishop on a3 is completely shut out.} 19. h3 $6 {I don't
really care for this move, as it forces Black to play a move he wants to play
anyway.} (19. Bc1 {trying to fix his bishop looks reasonable, although it is
clear Black has solved all his opening problems.}) 19... Be6 20. Rfd1 bxa4 21.
Nxa4 Nb5 {It is clear Black has taken over.} 22. Bb2 Bxb3 $1 {The bishop on e6
might be an OK piece, but control over d4 is the most important feature in the
position.} (22... Bxb4 23. d4 $132) 23. Qxb3 c5 24. Rbc1 Rb8 {Most precise.} (
24... cxb4 25. Rc6 {unnecessarily gives White counterplay.}) 25. Qa2 $6 (25.
bxc5 {this move, planning an exchange sac, looks like White's best option.} Nd4
26. Qa2 Ne2+ 27. Kh2 Nxc1 28. Rxc1 {and White has reasonable counterplay here.}
) 25... cxb4 26. Rc6 {It may not look like a big difference, but having Rb8
and Qa2 thrown in hugely favors Black.} Kg7 27. d4 b3 $1 {and this is why.} 28.
Qb1 exd4 29. Bxd4+ Nxd4 30. Rxd4 {Black is clearly in charge now, but the
position is still complex.} Qa5 $2 {This move should actually let White off
the hook.} (30... Kg8 {getting the king out of both lines of fire (a1-h8 and
the 7th rank) looks best to me. White can't use the pin on the d7 knight.}) 31.
Rxd7 Qxa4 32. e5 $2 {White misses his chance.} (32. Rcc7 Qa2 (32... b2 33.
Rxf7+ Kg8 34. e5 Qa1 (34... Qd1+ 35. Kh2 $3) 35. Kh2 $3 (35. Bd5 $3) 35... Qxb1
36. Bd5 $18) 33. Rxf7+ Kg8 34. Qd3 $1 {Probably both players thought that
allowing Black to queen was curtains, but it turns out this is not so!} b2 35.
Qd7 b1=Q+ 36. Kh2 {and amazingly, despite having an extra queen, Black has to
allow a perpetual or get mated. For example, after} Qbb2 37. Rxf8+ Kxf8 38.
Qd6+ Kg8 39. Qxg6+ Kf8 {This may look dangerous for Black, but the two queens
cover all the mating squares, so a perpetual is the best White can do.} 40.
Qxh6+ Kg8 41. Qh7+ Kf8 42. Qh6+ {etc.}) 32... Re7 {and now Black is winning.
For now...} 33. Rdd6 {This may not be objectively best, but it is an excellent
practical try.} Qa2 $4 {and once again Black goes astray, and in an even more
serious way. Even for tactical monsters like Aronian such positions aren't
easy to play in time pressure.} (33... b2 {This simple move is good enough.
The b-pawn will decide if White does nothing, and after} 34. Rxg6+ fxg6 35.
Qxg6+ Kh8 {Black has nothing to fear, since b1=Q+ is a powerful defensive
resource.}) 34. Rxg6+ fxg6 35. Qxg6+ Kh8 36. Bd5 {Now Black is actually lost!}
Rg7 37. Qxh6+ Rh7 38. Qe6 $2 {This lets Black off the hook.} (38. Qg6 {is
winning, as the cruel machine informs us. Here are a few sample lines.} Rg7 (
38... Bc5 39. Qf6+ Rg7 40. Rxc5 {and White's attack will rage on.}) (38... Bg7
{This is a logical defensive move, but after} 39. Be4 {The rook has nowhere to
go!} Rxh3 (39... Rh6 40. Qf5 {and White's two threats of Rc8+ and Rxh6+ are
deadly.}) 40. Kg2 $1 {and the rook is trapped, after which mate or heavy
material loss is inevitable.}) 39. Qh5+ Rh7 40. Qg4 $1 {Rg7 is prevented by
Rh6+.} Qb1+ 41. Kg2 Be7 42. Rg6 $1 {and Black has to sac his queen to prevent
Rg8+, and that only prevents mate temporarily.}) 38... Qb1+ 39. Kg2 (39. Kh2 {
is more precise, but the reason isn't obvious at first.} Rg7 {This isn't
Black's only possibility, but it is perhaps the safest.} 40. Rc4 Qh7 41. Rh4
Qxh4 42. gxh4 b2 43. Be4 b1=Q 44. Bxb1 Rxb1 45. Qh6+ Kg8 46. Qe6+ Kh8 {and
Black has to allow a perpetual or allow the rook on b1 to drop.}) 39... Rg7 40.
Rc8 {Forced.} (40. Rc4 Qh7 {and now} 41. Rh4 {is impossible on account of} Qxh4
{and the g-pawn is pinned.}) 40... Rxc8 41. Qxc8 Rg8 $1 {and now Black is on
top again, though it certainly isn't easy.} 42. Qb7 {A nice practical move.} (
42. Bxg8 Qe4+ $1 (42... Kxg8 43. Qe6+ {is a perpetual.}) 43. Kh2 Kxg8 44. Qe6+
Kh8 45. Qxb3 Qxe5 {ought to be losing, though it would require precision.})
42... Qh7 43. Qxb3 Rg5 44. Qe3 Qe7 45. f4 {Forced. Pushing these pawns can be
both good and bad. On one hand, they help restrict Black's pieces, but on the
other they expose White's king to harassment.} Rg7 46. f5 {This is an
understandable try, though it seems to lose by force.} (46. Qb6 {might have
resisted a bit longer.}) 46... Qg5 $1 47. Qxg5 Rxg5 {Now that the queens are
off, king safety is no longer a factor for either side. The problem for White
here is that the a-pawn will cost him his bishop, and after that the rook and
bishop team should be able to stop the pawns.} 48. g4 Bg7 $1 {Black forces the
pawns on to the wrong color of squares. This enables Black to establish a
blockade, something which one finds comforting when defending against an
avalanche.} (48... a5 $2 49. Kf3 a4 50. Kf4 Rg7 51. f6 {and Black's life isn't
so easy now.}) 49. e6 Bf6 50. Kg3 a5 51. h4 Rg8 52. g5 Kg7 $1 {This is the key
idea. The pawns will easily be blockaded, and then Black can calmly push the
a-pawn.} 53. Kf4 Rh8 54. Kg4 Rb8 55. gxf6+ Kxf6 56. e7 (56. h5 a4 57. h6 Rd8 $1
58. Ba2 Rd2 {and Black wins handily.}) 56... a4 {A highly complex battle with
many twists and turns.} 0-1

[Event "Copenhagen Open-03 (Politiken Cup-02)"]
[Site "Copenhagen"]
[Date "1981.06.28"]
[Round "8"]
[White "Karlsson, Lars"]
[Black "Jansa, Vlastimil"]
[Result "0-1"]
[WhiteElo "2465"]
[BlackElo "2495"]
[Annotator "Ftacnik,L"]
[PlyCount "88"]
[EventDate "1981.06.20"]
[EventType "swiss"]
[EventRounds "10"]
[EventCountry "DEN"]
[SourceTitle "EXT 2000"]
[Source "ChessBase"]
[SourceDate "1999.11.16"]
[SourceVersion "1"]
[SourceVersionDate "1999.11.16"]
[SourceQuality "1"]

1. Nf3 Nf6 2. g3 g6 3. Bg2 Bg7 4. O-O O-O 5. c4 d6 6. Nc3 e5 7. d3 Nc6 8. a3
Nd4 9. Nd2 c6 10. b4 h5 $5 11. Nde4 $5 Nxe4 12. dxe4 a5 (12... Be6 $5 13. e3
Bxc4 14. exd4 exd4 15. Na4 Bxf1 $13) 13. Rb1 axb4 14. axb4 h4 15. Qd3 (15. e3
Ne6 16. Qd3 hxg3 17. hxg3 Qg5) 15... hxg3 16. hxg3 f5 17. e3 fxe4 18. Bxe4 (18.
Nxe4 Nf3+ 19. Bxf3 Rxf3 20. Kg2 Bf5 $1 21. Kxf3 d5) 18... Nf3+ 19. Bxf3 (19.
Kg2 Ng5) 19... Rxf3 20. Qxg6 Bf5 21. Qh5 Bxb1 22. Qxf3 Bd3 23. Rd1 Bxc4 24. Ne4
Bd5 25. Qg4 Bxe4 26. Qxe4 d5 27. Qc2 $2 (27. Qg4 $142 Qc8 $15) 27... e4 $1 28.
Bd2 (28. Bb2 $142 Ra2 29. Rb1) 28... Qf6 29. Be1 Qf3 $1 (29... Kf7 {/\ Rh8})
30. Rb1 Kf7 31. Qd1 Ke6 $1 32. Qxf3 exf3 33. Rc1 Kf5 34. b5 Bb2 35. Rb1 Ra2 36.
bxc6 bxc6 37. Kh2 Be5 $6 (37... c5 $142) 38. Rc1 Ra1 39. Rxa1 Bxa1 40. Kh3 $6 (
40. Bb4 d4 41. exd4 Bxd4) 40... c5 41. g4+ Ke4 42. g5 Kd3 43. Ba5 Ke2 44. Bb6
Kxf2 0-1

[Event "Hoogovens"]
[Site "Wijk aan Zee"]
[Date "1996.01.28"]
[Round "13"]
[White "Ivanchuk, Vassily"]
[Black "Topalov, Veselin"]
[Result "1-0"]
[WhiteElo "2735"]
[BlackElo "2700"]
[Annotator "Ftacnik,L"]
[PlyCount "79"]
[EventDate "1996.01.13"]
[EventType "tourn"]
[EventRounds "13"]
[EventCountry "NED"]
[EventCategory "17"]
[SourceTitle "CBM 051"]
[Source "ChessBase"]
[SourceDate "1996.04.01"]
[SourceVersion "1"]
[SourceVersionDate "1996.04.01"]
[SourceQuality "1"]

1. g3 e5 2. c4 Nc6 3. Bg2 g6 4. Nc3 Bg7 5. Nf3 f5 6. O-O d6 7. Rb1 a5 8. a3 Nf6
9. d3 O-O 10. b4 axb4 11. axb4 {Eine typischer Stellungstyp der Englischen
Eröffnung. Weiß hat Raumvorteil am Damenflügel, Schwarz am Königsflügel.} h6
12. b5 Ne7 13. Bb2 Be6 14. Ra1 (14. c5 g5 15. b6 c6 16. cxd6 Qxd6 17. Ra1 Ng6
18. Na4 Qb4 19. Bc3 Qb5 20. Nd2 Nd5 21. Bxd5 cxd5 22. Qb3 Qc6 23. Bb2 d4 {
0-1 Kagan,Is-Reilly,T/AUS-ch Melbourne (01) ;EXT 91ch 1991 (37)}) 14... Rc8 (
14... Rb8 15. c5 Nd7 16. Na4 dxc5 17. Ra3 g5 18. Qa1 Ng6 19. Nd2 Qe7 20. Nc3
Nf6 21. Ra7 b6 22. Qa6 Rfd8 23. Rd1 Qf7 24. Rb7 Rxb7 25. Qxb7 Ne8 26. Nc4 e4
27. Ne3 f4 {0-1 Urban,J-Soffer,R/Budapest FS09 GM (06) ;EXP 37 1993 (40)}) 15.
c5 $6 $146 (15. Ra7 b6 16. Qc2 (16. Qb3 g5 17. Nd2 f4 {1/2-1/2 Hickl,J-Mohr,S/
BL 9495 (1994) ;BL 90 1995 (35)}) 16... g5 17. Rfa1 f4 18. Nd2 fxg3 19. hxg3
Qe8 20. Nce4 Ng4 21. Nf1 Nf5 22. e3 Qg6 23. Rb7 Nh4 24. gxh4 gxh4 25. f3 Rxf3 {
0-1 Schneider,B-Short,N/Solingen ;TD 86\01 1986 (30)}) (15. Ne1 b6 16. Nc2 g5
17. Nb4 f4 18. d4 fxg3 19. fxg3 exd4 20. Ncd5 {1/2-1/2 Jackelen,T-Kindermann,S/
BL 9293 (1992) ;BL 90 1993 (30)}) 15... Nd7 (15... dxc5 $2 16. Nxe5 Nfd5 17.
Na4 $36) 16. cxd6 cxd6 17. Na4 d5 {Als Folge des weißen Vorstoßes c4-c5 hat
Schwarz zusätzlich ein Übergewicht im Zentrum bekommen.} 18. Nd2 Qe8 (18... f4
$5 19. e3 fxe3 20. fxe3 Nf5 21. Qe2 Qg5 $36) 19. e3 g5 20. Qe2 Qf7 21. f4 {
Notwendig, sonst wird er von den schwarzen Bauern überrollt.} Ng6 22. fxe5
Ndxe5 23. Nf3 Nxf3+ 24. Bxf3 Bxb2 25. Qxb2 f4 26. Bg2 Qe7 27. Nb6 Rcd8 28. Qd4
Qd6 29. exf4 (29. gxf4 $5 gxf4 30. Ra7 Rf7 $13 (30... Qb8 31. Nxd5)) 29... gxf4
30. Rae1 Kh7 (30... fxg3 $5 31. Rxf8+ Nxf8 $17) 31. Kh1 Bg8 32. Rf3 fxg3 33.
Rxg3 Rf4 34. Qe3 $2 (34. Qg1 $142 Rb4 35. Bh3 $13) 34... Rdf8 $2 (34... d4 $142
$1 35. Qd2 Rh4 $19 (35... Qxb6 $2 36. Rxg6)) 35. Rg1 d4 (35... Bf7) (35... Nh4)
36. Qd2 Ne5 $2 $18 (36... Qxb6 37. Be4 Rxe4 38. Rxg6 Qxg6 39. Rxg6 Re3 40. Rd6
Be6 {/\ 41...Rf1 42.Kg2 Bh3#} 41. Qxe3 dxe3 42. Rxe6 Rf5 43. b6 $16) (36... Rf2
37. Qe1 Qxb6 38. Rxg6 Qxg6 39. Be4 $18) 37. Be4+ $5 (37. Qxf4 $1 Rxf4 38. Be4+
$18) 37... Rxe4 38. dxe4 (38. Qg2 $2 Rg4 39. Rxg4 Nxg4 40. Qxb7+ Kh8 41. Rxg4
Rf1+ 42. Kg2 Qf6 43. Qg7+ Qxg7 44. Rxg7 Rb1 $10) 38... Nf3 $6 (38... Qxb6 39.
Qg2 $18) 39. Rxf3 $1 Rxf3 40. Qg2 1-0

[Event "Amsterdam VSB"]
[Site "Amsterdam"]
[Date "1993.??.??"]
[Round "6"]
[White "Kramnik, Vladimir"]
[Black "Piket, Jeroen"]
[Result "1-0"]
[WhiteElo "2685"]
[BlackElo "2590"]
[Annotator "Ftacnik,L"]
[PlyCount "67"]
[EventDate "1993.05.??"]
[EventType "tourn"]
[EventRounds "6"]
[EventCountry "NED"]
[EventCategory "17"]
[SourceTitle "CBM 035"]
[Source "ChessBase"]
[SourceDate "1993.08.01"]
[SourceVersion "1"]
[SourceVersionDate "1993.08.01"]
[SourceQuality "1"]

1. c4 Nf6 2. Nc3 g6 3. g3 Bg7 4. Bg2 O-O 5. Nf3 d6 6. O-O Nc6 7. d3 h6 8. Rb1
e5 9. b4 a6 10. Nd2 Be6 11. Nd5 Kh7 (11... Qd7 12. Nxf6+ Bxf6 13. Ne4 Bg7 14.
Bxh6 $1) 12. a4 Qd7 13. b5 axb5 14. axb5 Nd8 15. b6 c6 16. Nc7 Rb8 17. Nxe6
Nxe6 18. e3 Rfe8 19. f4 $6 (19. Bb2 {/\ d4}) 19... exf4 20. gxf4 Nc5 21. Nf3
Ra8 22. e4 $2 (22. Qc2) 22... Ra2 $1 23. Kh1 $2 (23. f5 $5 $17) (23. Rb2 Ra1)
23... Qg4 $6 (23... Ng4 24. Bh3 (24. h3 Nf2+ 25. Rxf2 Rxf2 26. Be3 Ra2 $17)
24... f5) 24. Rb2 Rxb2 $2 (24... Ra1) 25. Bxb2 Qxf4 26. Ng1 Qg4 $4 (26... Qh4
27. Nh3 (27. Qa1 Nh5 28. Bxg7 $2 Ng3#) 27... Nh5 (27... Kg8 $2 28. Bxf6 Bxf6
29. Rf4) 28. Rxf7 Kg8 29. Rf2 Bxb2 30. Rxb2 Nf4 $13) 27. Qa1 Re5 (27... Nh5 28.
Bxg7 Nxg7 29. Rxf7 Rg8 30. Qd4 Qd1 (30... Qe6 31. Rf6 Qe8 32. Qxd6 $18) 31. e5
$1 $18) 28. Bxe5 dxe5 29. Qa3 Bf8 30. Rxf6 Kg7 31. Rf1 Ne6 32. Qb2 Qh5 33. Bf3
Qg5 34. Nh3 1-0